000 00696nam a2200289Ia 4500
005 20260324130152.0
008 008 260324s9999 xx 000 0 eng d
020 _a9780429248856
037 _aEBOOK
040 _aCRL
040 _beng
040 _cCRL
041 _2eng
041 _aeng
084 _qCRL
100 _aTony M. Kail
_91159377
245 0 _aMagico-Religious Groups and Ritualistic Activities
245 2 _bA Guide for First Responders
260 _bTaylor and Francis
260 _c2008
365 _a
365 _b230
856 _uhttp://www.taylorfrancis.com/books/9780429248856
942 _cEBOOK
999 _c1776696
_d1776696